00617nam a2200109Ia 4500008004100000245003200041300027500073650000900348856005900357999001900416952007200435170517s9999 xx 000 0 und d aCrap Shoot: The Documentary aA research scientist and his narrator cruise the endless urban maze of Los Angeles trying to find order in the chaotic world of feature filmmaking. Their fascinating discourse on Hollywood's creative development process degenerates into a hilarious road trip as their... xArt. uhttp://topdocumentaryfilms.com/crap-shoot-documentary/ c333125d333125 001040aCLbCLd2017-05-17l0r2017-05-17 00:00:00w2017-05-17yDF